| 000 | 00623nam a2200253Ia 4500 | ||
|---|---|---|---|
| 005 | 20250425162431.0 | ||
| 008 | 250425s9999 xx 000 0 und d | ||
| 020 | _a9681843940 | ||
| 041 | _aspa | ||
| 043 | _amx | ||
| 082 | _a614.04 | ||
| 100 | _aDOMINGUEZ DOMINGUEZ, OCTAVIANO | ||
| 245 | 0 | _aLA CALIDAD DE SERVICIOS DE SALUD: METODOLOGIA DE CASOS | |
| 250 | _a1A ED. | ||
| 260 |
_aMéxico _bEDITORIAL LIMUSA S.A. _c1993 |
||
| 260 | _aS.L. | ||
| 300 | _a94 | ||
| 650 | _aCALIDAD | ||
| 650 | _aMEXICO | ||
| 650 | _aSERVICIOS DE SALUD | ||
| 710 | _aEDITORIAL LIMUSA S.A. | ||
| 942 | _c01 | ||
| 010 | _a73612 | ||
| 999 |
_c229130 _d229130 |
||